| 000 | 00560cab a2200181 4500 | ||
|---|---|---|---|
| 001 | L130117 | ||
| 008 | 050624n2005 000 0 eng u | ||
| 035 | _a(Sirsi) u130117 | ||
| 041 | _aeng | ||
| 100 | _aHart, David | ||
| 245 | 2 | _aA need to build confidence | |
| 260 | _c2005 | ||
| 490 |
_aQS Week _v(8) 15 June 2005, 12-14(3) |
||
| 520 | _aDiscusses tender prices for the UK. Includes information on input costs and a breakdown of regional statistics and variations. | ||
| 590 | _aIKA040705 | ||
| 690 | _aBUILT ENVIRONMENT-BUILDING COSTS | ||
| 942 | _n0 | ||
| 999 |
_c75455 _d75455 |
||